| 000 | 00614nam a2200205 a 4500 | ||
|---|---|---|---|
| 001 | 000021347 | ||
| 005 | 20240508123313.0 | ||
| 008 | 100906s1976 sp r 000 0 spa d | ||
| 020 | _a843250291X | ||
| 040 |
_aDO-SdBNP _bspa _cBNPHU |
||
| 082 |
_a321.6 _bN158m |
||
| 100 | 1 |
_aNair Wilson, R. Mc. _944584 |
|
| 245 | 1 | 0 |
_aLa monarquÃa contra la fuerza del dinero / _cRobert Mac Nair Wilson. |
| 260 |
_aMadrid : _bDoncel, _c1976. |
||
| 300 |
_a296, [6] p. ; _c18 cm. |
||
| 490 | 1 |
_aEl libro de bolsillo doncel _v92 |
|
| 650 | 0 |
_aMoneda _93308 |
|
| 830 | 0 |
_aEl libro de bolsillo doncel ; _v92 _98628 |
|
| 049 | _aBNGR | ||
| 999 |
_c20847 _d20847 |
||